[Event "Cesme op-A 11th"]
[Site "Izmir"]
[Date "2025.06.24"]
[Round "3"]
[White "Celik, Hasan Huseyin"]
[Black "Sachi, Jain"]
[Result "1-0"]
[WhiteElo "2448"]
[BlackElo "2117"]
[PlyCount "98"]
[EventDate "2025.06.23"]
[EventType "swiss"]
[EventRounds "9"]
[EventCountry "TUR"]
[SourceTitle "CB27_2025"]
[SourceDate "2025.07.02"]
[SourceVersion "1"]
[SourceVersionDate "2025.07.02"]
[SourceQuality "1"]

1. e4 e5 2. Nf3 Nc6 3. Bb5 a6 4. Bxc6 dxc6 5. 0-0 Bg4 6. h3 h5 7. d3 Qf6 8. Be3 Bxf3 9. Qxf3 Qxf3 10. gxf3 Bd6 11. Nd2 Ne7 12. Rfb1 f6 13. b4 g5 14. Kf1 Kd7 15. a4 Rhg8 16. Ke2 Ke6 17. c3 Rg6 18. Nc4 f5 19. Rg1 f4 20. Bd2 Rag8 21. d4 R8g7 22. Rab1 b6 23. Rbd1 Ng8 24. dxe5 Bxe5 25. Nxe5 Kxe5 26. c4 Ke6 27. Bc3 Rd7 28. Rxd7 Kxd7 29. Be5 Ne7 30. h4 gxh4 31. Rd1+ Kc8 32. Bxf4 b5 33. axb5 cxb5 34. cxb5 axb5 35. Be3 Ra6 36. f4 Ra2+ 37. Kf3 Nc6 38. f5 Nxb4 39. e5 Nc6 40. e6 Ra6 41. Rd5 Ne7 42. Rxb5 Rd6 43. Kg2 c6 44. Ra5 Nxf5 45. Rxf5 Rxe6 46. Rxh5 Kd7 47. Rxh4 Rg6+ 48. Kf3 Ke6 49. Rh6 Kd5 1-0

[Event "Ljubljana op"]
[Site "Ljubljana"]
[Date "2025.05.04"]
[Round "9"]
[White "Celik, Hasan Huseyin"]
[Black "Unuk, Laura"]
[Result "1-0"]
[WhiteElo "2440"]
[BlackElo "2285"]
[PlyCount "89"]
[EventDate "2025.04.28"]
[EventType "swiss"]
[EventRounds "9"]
[EventCountry "SLO"]
[SourceTitle "CB19_2025"]
[SourceDate "2025.05.07"]
[SourceVersion "1"]
[SourceVersionDate "2025.05.07"]
[SourceQuality "1"]

1. e4 e5 2. Nf3 Nc6 3. Bb5 a6 4. Ba4 d6 5. 0-0 Bd7 6. c4 Nf6 7. Re1 g6 8. Bxc6 Bxc6 9. Nc3 Bg7 10. d4 0-0 11. dxe5 dxe5 12. Qc2 Nd7 13. Bg5 f6 14. Be3 f5 15. Bg5 Qe8 16. Bd2 Nc5 17. Nd5 Nxe4 18. Nxc7 Qe7 19. Nxa8 Nxd2 20. Qxd2 Rxa8 21. Rad1 Re8 22. Nd4 Be4 23. Ne2 Bc6 24. Nc3 Qh4 25. Qe2 e4 26. Nd5 f4 27. g3 fxg3 28. hxg3 Qh3 29. Qd2 Kh8 30. b3 Rf8 31. Rxe4 Bh6 32. Qe2 Qf5 33. Re5 Qh3 34. Re7 Bg7 35. Qe3 Qg4 36. Rd2 Qf5 37. Re2 Qg4 38. Qe4 Qh3 39. Rxg7 Kxg7 40. Qd4+ Kh6 41. Re7 Rf3 42. Qg7+ Kg5 43. Re5+ Rf5 44. Qe7+ Kh6 45. Re4 1-0

[Event "Ljubljana op"]
[Site "Ljubljana"]
[Date "2025.05.03"]
[Round "8"]
[White "Tratar, Marko"]
[Black "Celik, Hasan Huseyin"]
[Result "1/2-1/2"]
[WhiteElo "2374"]
[BlackElo "2440"]
[PlyCount "52"]
[EventDate "2025.04.28"]
[EventType "swiss"]
[EventRounds "9"]
[EventCountry "SLO"]
[SourceTitle "CB19_2025"]
[SourceDate "2025.05.07"]
[SourceVersion "1"]
[SourceVersionDate "2025.05.07"]
[SourceQuality "1"]

1. Nf3 d5 2. g3 Nc6 3. d4 Bf5 4. Bg2 Nb4 5. Na3 e6 6. c3 Nc6 7. Qb3 Rb8 8. Nh4 Bg4 9. e4 dxe4 10. Bxe4 Be7 11. h3 Bh5 12. Qb5 Nf6 13. Bxc6+ bxc6 14. Qxc6+ Nd7 15. Nc4 0-0 16. g4 Bxh4 17. gxh5 Nb6 18. Ne5 Nd5 19. Qc4 Bxf2+ 20. Kxf2 Qh4+ 21. Kf3 Rxb2 22. Bxb2 Qf4+ 23. Ke2 Qe4+ 24. Kd2 Qf4+ 25. Ke2 Qe4+ 26. Kd2 Qf4+ 1/2-1/2

[Event "Ljubljana op"]
[Site "Ljubljana"]
[Date "2025.04.30"]
[Round "4"]
[White "Abel, Sajan"]
[Black "Celik, Hasan Huseyin"]
[Result "0-1"]
[WhiteElo "1904"]
[BlackElo "2440"]
[PlyCount "106"]
[EventDate "2025.04.28"]
[EventType "swiss"]
[EventRounds "9"]
[EventCountry "SLO"]
[SourceTitle "CB19_2025"]
[SourceDate "2025.05.07"]
[SourceVersion "1"]
[SourceVersionDate "2025.05.07"]
[SourceQuality "1"]

1. e4 c6 2. Nc3 d5 3. Nf3 g6 4. d4 Bg7 5. h3 dxe4 6. Nxe4 Nf6 7. Nxf6+ exf6 8. Bd3 0-0 9. Be3 Be6 10. 0-0 Re8 11. c4 Na6 12. Qd2 Qd7 13. Rad1 Rad8 14. b3 Qc8 15. Qb2 Bf5 16. Bxf5 Qxf5 17. Bd2 Nc7 18. Rfe1 Rxe1+ 19. Nxe1 Ne6 20. Be3 a6 21. Qd2 Nxd4 22. Bxd4 c5 23. Qe3 cxd4 24. Rxd4 Rxd4 25. Qxd4 Qb1 26. Qd2 f5 27. Kf1 Qa1 28. a4 Bc3 29. Qe2 Qb1 30. g3 Qxb3 31. Qd3 Qb2 32. Nf3 Bf6 33. Qd5 Qa1+ 34. Kg2 Qxa4 35. c5 Qc6 36. Qxc6 bxc6 37. Nd2 a5 38. Nb3 a4 39. Nc1 Bd4 40. Kf3 Bxc5 41. Ke2 h5 42. f3 Bd6 43. g4 fxg4 44. fxg4 hxg4 45. hxg4 Kg7 46. Kf3 Kf6 47. Ke4 Kg5 48. Kf3 a3 49. Na2 Be5 50. Ke4 Bb2 51. Kf3 c5 52. Kg3 c4 53. Kf3 c3 0-1

[Event "EU-ch 25th"]
[Site "Eforie Nord"]
[Date "2025.03.25"]
[Round "10"]
[White "Suleymanli, Suleyman"]
[Black "Celik, Hasan Huseyin"]
[Result "1/2-1/2"]
[WhiteElo "2305"]
[BlackElo "2441"]
[PlyCount "221"]
[EventDate "2025.03.15"]
[EventType "swiss"]
[EventRounds "11"]
[EventCountry "ROU"]
[SourceTitle "CB13_2025"]
[SourceDate "2025.03.26"]
[SourceVersion "1"]
[SourceVersionDate "2025.03.26"]
[SourceQuality "1"]

1. d4 Nf6 2. Nf3 e6 3. Bf4 h6 4. c3 Nh5 5. Bg3 Nxg3 6. hxg3 g6 7. e3 Bg7 8. Bd3 d6 9. Nbd2 Nd7 10. Qc2 0-0 11. g4 c5 12. g5 hxg5 13. 0-0-0 d5 14. Rh2 Qf6 15. Bb5 cxd4 16. exd4 g4 17. Bxd7 gxf3 18. Bxc8 Rfxc8 19. Nxf3 b5 20. Rh3 b4 21. Kd2 bxc3+ 22. bxc3 Rc7 23. Ke1 Rac8 24. Ne5 Qf4 25. Rf3 Qh2 26. Rg3 Bxe5 27. dxe5 Qh1+ 28. Ke2 Qh5+ 29. Ke1 Qxe5+ 30. Re3 Qf6 31. Rdd3 d4 32. Rf3 Qe5+ 33. Qe2 Qxe2+ 34. Kxe2 dxc3 35. Kd1 c2+ 36. Kc1 Kg7 37. Rd2 g5 38. Ra3 Kg6 39. Ra6 g4 40. Ra5 f6 41. Ra4 Kg5 42. f3 gxf3 43. gxf3 Kf5 44. Ra6 e5 45. a4 Rf7 46. Rdd6 Rc3 47. Rdc6 Rxf3 48. Kxc2 e4 49. Kd2 Ra3 50. Ke2 Kg5 51. Rc1 f5 52. Rg1+ Kf4 53. Rf1+ Rf3 54. Rxf3+ exf3+ 55. Kf2 Rb7 56. a5 Rc7 57. Re6 Rc5 58. Ra6 Rc7 59. Re6 Rc2+ 60. Kf1 f2 61. Kg2 f1Q+ 62. Kxf1 Kf3 63. Kg1 Rg2+ 64. Kh1 Rg7 65. Rc6 f4 66. a6 Ke2 67. Rc2+ Kd3 68. Ra2 Kc4 69. Rg2 Re7 70. Ra2 Kd3 71. Kg1 Re2 72. Ra4 Ke3 73. Ra3+ Ke4 74. Kf1 Rb2 75. Ra4+ Kf3 76. Ra3+ Kg4 77. Kg1 Rb6 78. Kf2 Re6 79. Ra1 Rh6 80. Rg1+ Kf5 81. Ra1 Rh3 82. Ra5+ Kg4 83. Ra1 Rh2+ 84. Kg1 Re2 85. Ra3 Re3 86. Ra2 Rb3 87. Kg2 Rc3 88. Kf2 Rh3 89. Ra1 Rh2+ 90. Kg1 Rc2 91. Ra3 f3 92. Ra5 Kf4 93. Kf1 Rh2 94. Kg1 Re2 95. Kf1 Rg2 96. Rc5 Ra2 97. Rc6 Ke4 98. Re6+ Kd4 99. Rf6 f2 100. Rf7 Rxa6 101. Kxf2 Kd3 102. Rd7+ Kc2 103. Rc7+ Kb1 104. Rb7+ Ka1 105. Ke2 Ra2+ 106. Kd1 a5 107. Rb5 Ra4 108. Kc2 Rc4+ 109. Kb3 Rb4+ 110. Rxb4 axb4 111. Kxb4 1/2-1/2

[Event "Cannes op 38th"]
[Site "Cannes"]
[Date "2025.02.25"]
[Round "3"]
[White "Celik, Hasan Huseyin"]
[Black "Sahithi Varshini, M."]
[Result "1/2-1/2"]
[WhiteElo "2441"]
[BlackElo "2309"]
[PlyCount "59"]
[EventDate "2025.02.24"]
[EventType "swiss"]
[EventRounds "9"]
[EventCountry "FRA"]
[SourceTitle "CB10_2025"]
[SourceDate "2025.03.05"]
[SourceVersion "1"]
[SourceVersionDate "2025.03.05"]
[SourceQuality "1"]

1. d4 Nf6 2. c4 e6 3. Nf3 b6 4. a3 Bb7 5. Nc3 Ne4 6. Nxe4 Bxe4 7. Nd2 Bb7 8. e4 g6 9. Bd3 Bg7 10. Nf3 d6 11. 0-0 0-0 12. Bg5 Qd7 13. Qd2 Nc6 14. d5 exd5 15. cxd5 Ne5 16. Nxe5 dxe5 17. Rac1 c6 18. dxc6 Bxc6 19. Qe2 h6 20. Be3 Rfd8 21. Rfd1 Ba4 22. Bc2 Qe8 23. Bxa4 Qxa4 24. f3 Qb3 25. Rxd8+ Rxd8 26. Kf2 Rd3 27. Rc8+ Kh7 28. Rc7 a5 29. a4 h5 30. Rxf7 1/2-1/2

[Event "Rilton Cup 52nd"]
[Site "Stockholm"]
[Date "2025.01.02"]
[Round "6"]
[White "Celik, Hasan Huseyin"]
[Black "Costa, Leonardo"]
[Result "1/2-1/2"]
[WhiteElo "2432"]
[BlackElo "2498"]
[PlyCount "68"]
[EventDate "2024.12.27"]
[EventType "swiss"]
[EventRounds "9"]
[EventCountry "SWE"]
[SourceTitle "CB02_2025"]
[SourceDate "2025.01.08"]
[SourceVersion "1"]
[SourceVersionDate "2025.01.08"]
[SourceQuality "1"]

1. d4 Nf6 2. c4 e6 3. Nf3 d5 4. Nc3 c6 5. e3 Nbd7 6. Qc2 b6 7. cxd5 cxd5 8. Nb5 Bb4+ 9. Bd2 Bxd2+ 10. Nxd2 0-0 11. Be2 a6 12. Nc3 Bb7 13. 0-0 Qe7 14. Rfc1 Rfc8 15. a3 Rc7 16. Qb3 Rac8 17. Na2 h6 18. h3 Rxc1+ 19. Rxc1 Rxc1+ 20. Nxc1 Qd8 21. Qc3 Qc8 22. Qxc8+ Bxc8 23. Na2 a5 24. Nc3 Kf8 25. f4 Nb8 26. Kf2 Ba6 27. Bd1 Bd3 28. g4 Nbd7 29. Nf3 Ne4+ 30. Nxe4 Bxe4 31. Nd2 Bd3 32. h4 Nf6 33. g5 Ne4+ 34. Nxe4 Bxe4 1/2-1/2

[Event "EU-ch 24th"]
[Site "Petrovac"]
[Date "2024.11.09"]
[Round "2"]
[White "Celik, Hasan Huseyin"]
[Black "Safarli, Eltaj"]
[Result "1/2-1/2"]
[WhiteElo "2431"]
[BlackElo "2596"]
[PlyCount "79"]
[EventDate "2024.11.08"]
[EventType "swiss"]
[EventRounds "11"]
[EventCountry "MNE"]
[SourceTitle "CB47_2024"]
[SourceDate "2024.11.20"]
[SourceVersion "1"]
[SourceVersionDate "2024.11.20"]
[SourceQuality "1"]

1. d4 Nf6 2. c4 e6 3. Nf3 a6 4. Nc3 Bb4 5. Bd2 0-0 6. Rc1 d5 7. e3 dxc4 8. Bxc4 b5 9. Bd3 Bb7 10. Ne4 Bxd2+ 11. Nexd2 Nbd7 12. 0-0 Rc8 13. Nb3 c5 14. Nxc5 Nxc5 15. dxc5 Bxf3 16. gxf3 Qd5 17. Bb1 Qg5+ 18. Kh1 Rxc5 19. f4 Qd5+ 20. Qxd5 Rxd5 21. Rfd1 Rxd1+ 22. Rxd1 Rc8 23. Kg2 Kf8 24. Bd3 Ke7 25. Kf3 Rc5 26. h3 g6 27. a3 Ne8 28. Ra1 Rd5 29. Ke2 Rh5 30. a4 Nc7 31. axb5 axb5 32. Rh1 Nd5 33. Be4 Nb6 34. b4 Nc4 35. Bf3 Rh4 36. Bc6 Nd6 37. Ra1 Kf6 38. Rd1 Ke7 39. Ra1 Kf6 40. Rd1 1/2-1/2

[Event "SRB-chT Premier"]
[Site "Bajina Basta"]
[Date "2024.10.05"]
[Round "9.2"]
[White "Sychev, Klementy"]
[Black "Celik, Hasan Huseyin"]
[Result "1/2-1/2"]
[WhiteElo "2532"]
[BlackElo "2425"]
[PlyCount "143"]
[EventDate "2024.09.27"]
[EventType "team-tourn"]
[EventRounds "11"]
[EventCountry "SRB"]
[SourceTitle "EXT 2025"]
[Source "ChessBase"]
[SourceDate "2024.10.14"]
[SourceVersion "1"]
[SourceVersionDate "2024.10.14"]
[SourceQuality "1"]
[WhiteTeam "Kac Jugovic"]
[BlackTeam "Novi Sad SK"]
[WhiteTeamCountry "SRB"]
[BlackTeamCountry "SRB"]

1. d4 Nf6 2. c4 e6 3. Nf3 d5 4. g3 dxc4 5. Bg2 Nc6 6. Qa4 Bb4+ 7. Bd2 Nd5 8. Bxb4 Ndxb4 9. 0-0 Rb8 10. Nc3 a6 11. Ne5 0-0 12. Nxc6 Nxc6 13. Bxc6 bxc6 14. Qxc4 Rxb2 15. Rab1 Rb6 16. Qc5 Re8 17. a4 h5 18. h4 e5 19. dxe5 Qd2 20. a5 Rxb1 21. Rxb1 Bf5 22. e4 Bg4 23. Qxc6 Rxe5 24. Qxc7 Re8 25. Nd5 Qd4 26. Rb7 Be6 27. Rb8 Rxb8 28. Qxb8+ Kh7 29. Qf4 Bxd5 30. Qf5+ g6 31. Qxd5 Qa1+ 32. Kg2 Kg7 33. Qc5 Qa4 34. Qd5 Qb4 35. e5 Qb8 36. Qc6 Qa7 37. Kg1 Kg8 38. Kf1 Kh7 39. Kg2 Kg8 40. Kf3 Qd4 41. Kg2 Qd3 42. e6 fxe6 43. Qxe6+ Kg7 44. Qe5+ Kg8 45. Qb8+ Kg7 46. Qb7+ Kg8 47. Qa8+ Kg7 48. Qf3 Qc4 49. Qb7+ Kg8 50. Qb8+ Kh7 51. Qe5 Qd3 52. Kh2 Kg8 53. Qe3 Qc4 54. Kg1 Kg7 55. Qe7+ Kg8 56. Qe8+ Kg7 57. Qe5+ Kg8 58. Kg2 Qd3 59. Qe1 Qc4 60. Kg1 Qb5 61. Qc3 Qe2 62. Kg2 Kh7 63. Qe3 Qc4 64. Qe7+ Kg8 65. Qe8+ Kg7 66. Qe5+ Kg8 67. Kf3 Qd3+ 68. Kf4 Qd2+ 69. Ke4 Qe1+ 70. Kf4 Qd2+ 71. Kf3 Qd3+ 72. Kg2 1/2-1/2

[Event "Riga Tech op-A"]
[Site "Riga"]
[Date "2024.08.08"]
[Round "6"]
[White "Lamard, Guillaume"]
[Black "Celik, Hasan Huseyin"]
[Result "1-0"]
[WhiteElo "2510"]
[BlackElo "2426"]
[PlyCount "169"]
[EventDate "2024.08.05"]
[EventType "swiss"]
[EventRounds "9"]
[EventCountry "LAT"]
[SourceTitle "CBM 221 Extra"]
[Source "ChessBase"]
[SourceDate "2024.09.30"]
[SourceVersion "1"]
[SourceVersionDate "2024.09.30"]
[SourceQuality "1"]

1. d4 Nf6 2. c4 c6 3. Nf3 d5 4. g3 Bg4 5. Ne5 Bf5 6. Qb3 Qb6 7. cxd5 Qxb3 8. axb3 Nxd5 9. Bd2 Nd7 10. Nc4 e6 11. Bg2 Bxb1 12. Rxb1 0-0-0 13. e4 Nc7 14. 0-0 Be7 15. Rbc1 Nf6 16. Ne5 Rhf8 17. Be3 Kb8 18. Rfd1 Nb5 19. h3 Bd6 20. Nc4 Bc7 21. g4 h6 22. f4 Rd7 23. Rd2 Rfd8 24. Rcd1 a6 25. Bf3 g6 26. Kg2 h5 27. Ne5 Re7 28. Bf2 hxg4 29. hxg4 g5 30. fxg5 Nd7 31. g6 Nxe5 32. dxe5 Rxd2 33. Rxd2 fxg6 34. Bh4 Rh7 35. Bf6 Kc8 36. Kg3 Rd7 37. Rh2 Rd3 38. Kf4 Ba5 39. Kg5 Rxf3 40. Kxg6 Rg3 41. g5 Nd4 42. Kf7 Nf3 43. Rh8+ Kd7 44. g6 Bc7 45. Rh5 Bb6 46. g7 Bd4 47. g8Q Rxg8 48. Kxg8 Bxb2 49. Rh7+ Kc8 50. Kf7 Kd7 51. Kf8+ Kc8 52. Rh3 Nd4 53. Be7 b6 54. Bd6 c5 55. Rh7 Nxb3 56. Ke8 Nd4 57. Rc7+ Kb8 58. Rxc5+ Kb7 59. Rc7+ Ka8 60. Kd7 a5 61. Kc8 Nb5 62. Re7 a4 63. Rxe6 Ka7 64. Re7+ Ka6 65. Rh7 a3 66. Bxa3 Bxa3 67. Kd7 Nc3 68. Rh3 Bb4 69. Re3 Na4 70. Kc6 Nc5 71. Re2 Ka7 72. Ra2+ Kb8 73. Kxb6 Nxe4 74. Kc6 Be7 75. Kd7 Bg5 76. Rb2+ Ka7 77. Kc6 Bd8 78. Rb7+ Ka8 79. Rd7 Bg5 80. Rd4 Nf6 81. Kc7 Ne8+ 82. Kc8 Ka7 83. Rg4 Bf6 84. exf6 Nxf6 85. Rg7+ 1-0

[Event "Riga Tech op-A"]
[Site "Riga"]
[Date "2024.08.06"]
[Round "3"]
[White "Celik, Hasan Huseyin"]
[Black "Savicevs, Arsenijs"]
[Result "1-0"]
[WhiteElo "2426"]
[BlackElo "2184"]
[PlyCount "95"]
[EventDate "2024.08.05"]
[EventType "swiss"]
[EventRounds "9"]
[EventCountry "LAT"]
[SourceTitle "CBM 221 Extra"]
[Source "ChessBase"]
[SourceDate "2024.09.30"]
[SourceVersion "1"]
[SourceVersionDate "2024.09.30"]
[SourceQuality "1"]

1. Nf3 c5 2. c4 Nc6 3. Nc3 g6 4. g3 Bg7 5. Bg2 e5 6. d3 d6 7. Nd2 Nge7 8. Nf1 a6 9. Ne3 Rb8 10. a4 Nb4 11. 0-0 0-0 12. Bd2 h6 13. Rb1 Be6 14. Ncd5 Nbxd5 15. cxd5 Bd7 16. a5 Bb5 17. b4 cxb4 18. Bxb4 f5 19. Qb3 Rf7 20. Rfc1 f4 21. Nc4 Nf5 22. Be4 Bf8 23. Qb2 Bxc4 24. Rxc4 Qg5 25. Bd2 Nd4 26. Rxd4 exd4 27. Kh1 Bg7 28. gxf4 Qh4 29. Rf1 Rxf4 30. Bxf4 Qxf4 31. Qc1 Qxc1 32. Rxc1 g5 33. Rc7 Bf6 34. Rd7 Be5 35. Kg2 b5 36. axb6 Rxb6 37. Ra7 Rb2 38. Bf3 Ra2 39. h3 a5 40. Bg4 a4 41. Kf3 a3 42. Ke4 Kf8 43. Kf5 Ra1 44. Kg6 Ke8 45. Kxh6 Bf4 46. Kg6 Bc1 47. Kf6 Bf4 48. Ra8# 1-0

[Event "TUR-chT"]
[Site "Ankara"]
[Date "2024.07.24"]
[Round "13.20"]
[White "Erdogmus, Yagiz Kaan"]
[Black "Celik, Hasan Huseyin"]
[Result "1-0"]
[WhiteElo "2576"]
[BlackElo "2433"]
[PlyCount "59"]
[EventDate "2024.07.14"]
[EventType "team-tourn"]
[EventRounds "15"]
[EventCountry "TUR"]
[SourceTitle "EXT 2025"]
[Source "ChessBase"]
[SourceDate "2024.10.14"]
[SourceVersion "1"]
[SourceVersionDate "2024.10.14"]
[SourceQuality "1"]
[WhiteTeam "Bayegan Pendik"]
[BlackTeam "Burhaniye"]
[WhiteTeamCountry "TUR"]
[BlackTeamCountry "TUN"]

1. d4 e6 2. c4 b6 3. e4 Bb7 4. Bd3 Bb4+ 5. Bd2 Bxd2+ 6. Nxd2 Qf6 7. Ne2 Nc6 8. e5 Qe7 9. 0-0 0-0-0 10. a3 f6 11. exf6 Qxf6 12. d5 Ne5 13. Be4 exd5 14. cxd5 Qh6 15. Nd4 Nf6 16. Rc1 Kb8 17. Qc2 c5 18. Nf5 Qh5 19. f4 Neg4 20. h3 g6 21. Ng3 Qh4 22. Rf3 Nh6 23. a4 Rhe8 24. a5 Nxd5 25. Qd3 Re6 26. axb6 axb6 27. Bxd5 Rd6 28. Rxc5 Qe7 29. Qb3 Rc6 30. Rcc3 1-0

[Event "TUR-chT"]
[Site "Ankara"]
[Date "2024.07.17"]
[Round "4.2"]
[White "Celik, Hasan Huseyin"]
[Black "Sadhwani, Raunak"]
[Result "0-1"]
[WhiteElo "2433"]
[BlackElo "2644"]
[PlyCount "72"]
[EventDate "2024.07.14"]
[EventType "team-tourn"]
[EventRounds "15"]
[EventCountry "TUR"]
[SourceTitle "EXT 2025"]
[Source "ChessBase"]
[SourceDate "2024.10.14"]
[SourceVersion "1"]
[SourceVersionDate "2024.10.14"]
[SourceQuality "1"]
[WhiteTeam "Burhaniye"]
[BlackTeam "Pamukkale Universiteli"]
[WhiteTeamCountry "TUN"]
[BlackTeamCountry "TUR"]

1. d4 Nf6 2. c4 e6 3. Nf3 b6 4. a3 Bb7 5. Nc3 Ne4 6. Nxe4 Bxe4 7. Nd2 Bb7 8. e4 d6 9. Bd3 g6 10. Nf3 Bg7 11. 0-0 Nd7 12. Re1 h6 13. Be3 g5 14. h3 Bf6 15. Qc2 Rg8 16. c5 bxc5 17. dxc5 dxc5 18. Rad1 h5 19. Bb5 c6 20. Bc4 g4 21. Bxe6 fxe6 22. Qb3 c4 23. Qxb7 gxf3 24. Qxc6 Rxg2+ 25. Kh1 Qc8 26. Qxe6+ Be7 27. Qf5 Nf6 28. Qxf3 Rg6 29. e5 Nd7 30. Rd5 Qc6 31. Red1 Nxe5 32. Qxh5 Nf7 33. f3 Rb8 34. Rd7 Rb5 35. R7d5 Rxb2 36. Bc5 Qe6 0-1

[Event "TUR-chT"]
[Site "Ankara"]
[Date "2024.07.15"]
[Round "2.8"]
[White "Petriashvili, Nikoloz"]
[Black "Celik, Hasan Huseyin"]
[Result "1/2-1/2"]
[WhiteElo "2463"]
[BlackElo "2433"]
[PlyCount "61"]
[EventDate "2024.07.14"]
[EventType "team-tourn"]
[EventRounds "15"]
[EventCountry "TUR"]
[SourceTitle "EXT 2025"]
[Source "ChessBase"]
[SourceDate "2024.10.14"]
[SourceVersion "1"]
[SourceVersionDate "2024.10.14"]
[SourceQuality "1"]
[WhiteTeam "Tarsus Zeka"]
[BlackTeam "Burhaniye"]
[WhiteTeamCountry "TUR"]
[BlackTeamCountry "TUN"]

1. e4 e6 2. Qe2 c5 3. Nf3 Nc6 4. g3 g6 5. Bg2 Bg7 6. 0-0 Nge7 7. c3 e5 8. a3 0-0 9. b4 b6 10. d3 d5 11. exd5 Nxd5 12. Bb2 Re8 13. b5 Na5 14. c4 Nc7 15. Nc3 Nb3 16. Rae1 Nd4 17. Qd2 Bb7 18. Qd1 Rb8 19. a4 a5 20. Nxd4 cxd4 21. Ne4 Ne6 22. Ba3 Bf8 23. Bxf8 Kxf8 24. Qc2 Kg7 25. Re2 Qc7 26. Rfe1 Re7 27. Nd2 Bxg2 28. Kxg2 Nc5 29. Nb3 Rbe8 30. Nxc5 Qxc5 31. h4 1/2-1/2

[Event "Dubai op-A 24th"]
[Site "Dubai"]
[Date "2024.05.29"]
[Round "5"]
[White "Mammadova, Gulnar Marfat Qizi"]
[Black "Celik, Hasan Huseyin"]
[Result "0-1"]
[WhiteElo "2359"]
[BlackElo "2421"]
[PlyCount "72"]
[EventDate "2024.05.25"]
[EventType "swiss"]
[EventRounds "9"]
[EventCountry "UAE"]
[SourceTitle "CBM 220 Extra"]
[Source "ChessBase"]
[SourceDate "2024.07.31"]
[SourceVersion "1"]
[SourceVersionDate "2024.07.31"]
[SourceQuality "1"]

1. e4 c5 2. Nf3 e6 3. d4 cxd4 4. Nxd4 Qb6 5. Be3 Qxb2 6. Nd2 a6 7. Bd3 Qc3 8. Rb1 Qc7 9. 0-0 Nf6 10. c4 d6 11. f4 Nbd7 12. N4b3 Be7 13. Kh1 b6 14. a4 Rb8 15. Qf3 Bb7 16. Qg3 g6 17. h3 Ba8 18. Qf2 0-0 19. Ra1 Rfe8 20. a5 bxa5 21. Bd4 Bxe4 22. Be2 Ba8 23. Nxa5 Nc5 24. Qe3 Nfe4 25. Nxe4 Nxe4 26. Nb3 Bh4 27. Ra3 Ng3+ 28. Kh2 Qb7 29. Rg1 Nf5 30. Qd2 Bg3+ 31. Kh1 e5 32. fxe5 dxe5 33. Nc5 Qe7 34. Be3 Bf4 35. Bxf4 exf4 36. Nxa6 Qxa3 0-1